Catálogo
 En Linea
Vista normal Vista MARC

Entrada Nombre geográfico

Número de registros utilizados en: 1

001 - NÚMERO DE CONTROL

  • campo de control: 20875

003 - IDENTIFICADOR DEL NÚMERO DE CONTROL

  • campo de control: OSt

005 - FECHA Y HORA DE LA ÚLTIMA TRANSACCIÓN

  • campo de control: 20200615032731.0

008 - DATOS DE LONGITUD FIJA

  • campo de control de longitud fija: 200615|| aca||aabn | a|a d

040 ## - FUENTE DE LA CATALOGACIÓN

  • Centro catalogador/agencia de origen: OSt
  • Centro/agencia transcriptor: OSt

151 ## - ENCABEZAMIENTO--NOMBRE GEOGRÁFICO

  • Nombre geográfico: ESTADOS UNIDOS
  • Subdivisión general: BASES NAVALES
  • Subdivisión general: COBERTURA DE PRENSA
  • Subdivisión geográfica: ISLA DE VIEQUES (P.R.)

670 ## - FUENTE DE DATOS ENCONTRADOS

  • Cita de la fuente: Work cat.: (OSt)7298: Jiménez, Félix 1959- 20870, Vieques y la prensa :, 2001.

Con tecnología Koha